000 00819nam a22002417a 4500
999 _c14594
_d14594
003 AR-CdUCM
008 190409b ||||| |||| 00| 0 spa d
020 _a978-607-16-3970-7
040 _aMUNICIPALIDAD PROVINCIAL DEL CUSCO
_cBIBLIOTECA MUNICIPAL DEL CUSCO
082 _aPI / 808.06 /
_bES79
100 _aEscudero Tobler, Laura
_933433
245 _aEma y el silencio /
260 _aMéxico :
_bFondo de cultura económica,
_c2016.
300 _c25 cm.
440 _a25 años a la orilla del viento.
_933410
500 _aTexto sin numeración, premio hispanoamericano de poesía para niños 2015.
505 _aContenido :Ema y el silencio ...
650 _aCuentos
_9217
650 _aHistorias
_92725
700 _aYcaza, Roger (ilustración)
_933434
942 _2ddc
_cLIBROS
945 _arum
_d2019-04-23